Health and the environment in Europe (Record no. 184655)
[ view plain ]
| 000 -LEADER | |
|---|---|
| fixed length control field | 01118nam a2200277Ia 4500 |
| 245 00 - TITLE STATEMENT | |
| Title | Health and the environment in Europe |
| 260 ## - PUBLICATION, DISTRIBUTION, ETC. (IMPRINT) | |
| Place of publication | Copenhagen : |
| Name of publisher | WHO Regional Office for Europe, |
| Year of publication | 2010. |
| 300 ## - PHYSICAL DESCRIPTION | |
| Number of Pages | xix, 137 p. |
| 650 #0 - SUBJECT ADDED ENTRY--TOPICAL TERM | |
| Topical Term | Environmental health |
| Topical Term | Public health. |
| 856 40 - ELECTRONIC LOCATION AND ACCESS | |
| Uniform Resource Identifier | http://site.ebrary.com/lib/rucke/Doc?id=10404031 |
No items available.
